00471nam a2200181Ia 4500008004100000020001800041050001400059100002100073245003400094245004300128260002400171260002500195260000900220300001500229300002700244300001000271500000800281170918s9999 xx 000 0 und d a9781426303258 bJ861 2008 aJoubert, Beverly aFace to face with elephants / cby Beverly Joubert and Dereck Joubert. aWashington, D. C. : bNational Geographic, c2008 a31 pages : bcolored illustration ; c26cm. a890